Responses for Show #6574 - Thursday, March 28, 2013

Rebecca Rider game 1.

Contestants

[<< previous game]

Rebecca Rider, an office supply sales assistant from Fresh Meadows, New York

Brian Daner, a Congressional attorney from Washington, D.C.

Tom Carroll, a court officer lieutenant from White Plains, New York (whose 1-day cash winnings total $32,000)

[next game >>]

Jeopardy! Round responses

BASED ON THE COMIC BOOK
STATES THAT BORDER CANADA
DRINKS
FATHER FIGURES
ON THE MONEY
TREE HOMOPHONES
    $200 13
The Avengers

Rebecca
    $200 7
(Tom: What is Maine?)

Alaska

TomRebecca
    $200 11
(Tom: What is 7 Up?)

Sprite

TomRebecca
    $200 1
skyscraper

Tom
    $200 22
Hans Christian Andersen

Rebecca
    $200 6
ash

Tom
    $400 14
The Dark Knight Rises

Rebecca
    $400 8
(Tom: What is New York?)
(Rebecca: What is Michigan?)
[Tom's response initially ruled incorrect; it was later deemed acceptable and overturned during the first commercial break.]

Pennsylvania (New York also accepted)

TomBrian
    $400 27
Ocean Spray

Rebecca
    $400 2
the blues

Tom
    $400 23
the Bolshoi

Brian
    $400 18
fur (fir)

Rebecca
    $600 15
Ghost Rider

Rebecca
    $600 9
British Columbia

Rebecca
    $600 28
(Tom: What is Snapple?)

Arizona

Tom
Triple Stumper
    $600 3
Defense

Tom
    $600 24
Belgium

Brian
    $600 19
spruce

Tom
    $800 16
(Tom: What is Smallville?)

The Adventures of Superboy

Tom
Triple Stumper
    $800 10
Maine

Tom
    $800 29
[The end-of-round signal sounds.]

Tree Top

Triple Stumper
    $800 4
(Edmund) Hoyle

Tom
    $2,400 25
the Southern Cross

Brian
    $800 20
pine

Rebecca
    $1000 17
The Fantastic Four

Rebecca
    $1000 12
North Dakota

Brian
    $1000 5
Herodotus

Rebecca
    $1000 26
Che Guevara

Tom
    $1000 21
(Alex: The pips are the seeds. He's the [*].)

seeder (cedar)

Triple Stumper

Scores at the first commercial break (after clue 15):

Tom Brian Rebecca
$3,000 $1,400 $3,200

Scores at the end of the Jeopardy! Round:

Tom Brian Rebecca
$3,200 $4,800 $6,000

Double Jeopardy! Round responses

THE WRITE OF SPRING
MOONS
MEMPHIS MUSIC HALL OF FAME
4 LETTERS, 2 Ns
THE UNITED STATES MARINES
I LOVE THE CORE
    $400 14
(Alex: And that's [*], and my bad reading.)

The Canterbury Tales

Triple Stumper
    $400 9
Neptune

Tom
    $400 24
Elvis Presley

Tom
    $400 1
none

Rebecca
    $400 6
Philadelphia

Brian
    $400 19
curriculum

Brian
    $800 15
(Emily) Dickinson

Brian
    $800 10
Pandora

Brian
    $800 25
ZZ Top

Rebecca
    $800 2
noun

Rebecca
    $800 7
the Mexican(-American) War

Rebecca
    $800 20
nuclear reactor

Tom
    $1200 16
[Tom added a leading definite article to his response.]

Silent Spring

Tom
    $1200 11
Phobos and Deimos

Rebecca
    $1200 26
Stax

Tom
    $1200 3
anon

Rebecca
    $3,200 8
(Rebecca: What is advance?)

fight

Rebecca
    $1200 21
ice core (samples)

Tom
    $2,000 29
A Tale of Two Cities

Rebecca
    $1600 12
Oberon

Rebecca
    $1600 27
Hustle and Flow

Rebecca
    $1600 4
neon

Rebecca
    $1600 17
(Tom: What are hellhounds?)

devil dogs

Tom
Triple Stumper
    $1600 22
Pilates

Tom
    $2000 30
spring fever

Tom
    $2000 13
Io

Rebecca
    $2000 28
Al Green

Triple Stumper
    $2000 5
Inns

Brian
    $2000 18
Commandant of the Marine Corps

Brian
    $2000 23
racial equality

Tom

Scores at the end of the Double Jeopardy! Round:

Tom Brian Rebecca
$12,400 $11,200 $16,800

[wagering suggestions for these scores]

Final Jeopardy! Round responses

BUSINESS
BrianWhat is Carnival Cruises
$11,195
TomWhat is Carnival Cruises?
$12,399
RebeccaWhat is Carnival Cruises?
$8,800
Carnival (Cruise Lines)

Final scores:

Tom Brian Rebecca
$24,799 $22,395 $25,600
2nd place: $2,000 3rd place: $1,000 New champion: $25,600

Game dynamics:

Coryat scores:

Tom Brian Rebecca
$12,400 $9,600 $19,600
18 R,
5 W
11 R
(including 1 DD),
0 W
23 R
(including 1 DD),
1 W
(including 1 DD)

Combined Coryat: $41,600

[game clues] [game scores] [suggest correction]

Game tape date: 2012-11-14
The J! Archive is created by fans, for fans. Scraping, republication, monetization, and malicious use prohibited; this site may use cookies and collect identifying information. See terms. The Jeopardy! game show and all elements thereof, including but not limited to copyright and trademark thereto, are the property of Jeopardy Productions, Inc. and are protected under law. This website is not affiliated with, sponsored by, or operated by Jeopardy Productions, Inc. Join the discussion at JBoard.tv.